UBT Library

Looking out/looking in / (Record no. 1333)

000 -LEADER
fixed length control field 00562nam a22001937a 4500
008 - FIXED-LENGTH DATA ELEMENTS--GENERAL INFORMATION
fixed length control field 151022b xxu||||| |||| 00| 0 eng d
020 ## - INTERNATIONAL STANDARD BOOK NUMBER
International Standard Book Number 9780495095804
020 ## - INTERNATIONAL STANDARD BOOK NUMBER
International Standard Book Number 049509580X
041 0# - LANGUAGE CODE
Language code of text/sound track or separate title eng
080 ## - UNIVERSAL DECIMAL CLASSIFICATION NUMBER
Universal Decimal Classification number 316.77
100 1# - Rafti
Rafti Adler, Ronald B.
245 10 - TITLE STATEMENT
Title Looking out/looking in /
Statement of responsibility, etc Ronald B. Adler, Russell F. Proctor II.
250 ## -
-- 12th ed.
260 ## -
-- Australia ;
-- Belmont, CA ;
-- Thomson/Wadsworth,
-- 2007.
300 ## -
-- xvi, 457 f. :
-- me il.;27 cm.
650 #0 -
-- Komunikimi ndërpersonal
700 1# -
-- Proctor, Russell F.
942 ## - ADDED ENTRY ELEMENTS (KOHA)
Source of classification or shelving scheme
Item type Books
Holdings
Withdrawn status Lost status Source of classification or shelving scheme Damaged status Not for loan Collection code Permanent location Current location Shelving location Date acquired Total Checkouts Full call number Barcode Date last seen Koha item type Price effective from
          Koleksioni i përgjithshem UBT - Lipjan UBT - Lipjan Koleksioni i përgjithshem 10/22/2015   316.77 ADL 002-008681 10/22/2015 Books  
          Koleksioni i përgjithshem UBT - Lipjan UBT - Lipjan Koleksioni i përgjithshem 12/04/2015   316.77 ADL 002-008742 12/04/2015 Books 12/04/2015
          Koleksioni i përgjithshem UBT - Lipjan UBT - Lipjan Koleksioni i përgjithshem 12/17/2018   316 ADL 002-3019115 12/17/2018 Books 12/17/2018
UBT Library © 2015-2024. All rights reserved University Education for Business and Technology